Представление документа в формате MARC21

Поле Инд. ПП Название Значение
Тип записи a
Библиографический уровень m
001 Контрольный номер UNIDUBNAfcccc1d8dc174cc69288c4533e174076
005 Дата корректировки 20260330094511.3
008 Кодируемые данные 20160127
020 a ISBN 9785534174564
084 a Индекс другой классификации/Индекс ББК 65.291.6-21я73; 65.24я73; 60.8я73
100 1_ a Автор Спивак В. А.
q Полное имя Спивак Владимир Александрович
245 10 a Заглавие Лидерство
b Продолж. заглавия учебник для вузов
c Ответственность рецензенты С. Ю. Трапицын, И. М. Алиев
250 a Основные сведения об издании 2-е изд., перераб. и доп.
260 a Место издания Москва
b Издательство Юрайт
c Дата издания 2025
300 a Объем 397 с.
336 a Термин вида содержания Текст
337 a Термин типа средства электронный
440 _0 a Серия Высшее образование
500 a Примечание Соответствует актуальным требованиям Федерального государственного образовательного стандарта высшего образования
500 a Примечание Курс с практическими заданиями и дополнительными материалами доступен на образовательной платформе "Юрайт", а также в мобильном приложении "Юрайт.Библиотека"
504 a Библиография Лит.: с. 393. - Новые изд.: с. 396
521 0_ a Примеч. о целев. назн. бакалавриат
650 04 a Основная рубрика персонал предприятия
a Основная рубрика экономика
a Основная рубрика экономика предприятия
653 0_ a Ключевые слова авторитет
a Ключевые слова административная ответственность
a Ключевые слова бенчмаркинг
a Ключевые слова бренды
a Ключевые слова власть
a Ключевые слова девиантное поведение
a Ключевые слова девиации лидерства
a Ключевые слова делегирование полномочий
a Ключевые слова деликтная ответственность
a Ключевые слова закон "Йеркса-Додсона"
a Ключевые слова имидж организации
a Ключевые слова инновации
a Ключевые слова инновационная деятельность
a Ключевые слова инновационные организации
a Ключевые слова коллективный труд
a Ключевые слова коллективный умственный труд
a Ключевые слова команда
a Ключевые слова командообразование (тимбилдинг)
a Ключевые слова коммуникации
a Ключевые слова лидерские качества
a Ключевые слова лидерство
a Ключевые слова лидеры
a Ключевые слова лидеры-менеджеры
a Ключевые слова менеджеры
a Ключевые слова менеджмент
a Ключевые слова менеджмент знаний
a Ключевые слова метод "Коучинг"
a Ключевые слова метод "мозговой штурм" (метод Дельфи)
a Ключевые слова метод "шести шляп"
a Ключевые слова метод кейсов
a Ключевые слова метод нормативных групп
a Ключевые слова метод синектики У. Гордона
a Ключевые слова метод фокальных объектов
a Ключевые слова методы Форсайта
a Ключевые слова моббинг персонала
a Ключевые слова модели организации
a Ключевые слова модели управления
a Ключевые слова модель идеального лидерства
a Ключевые слова модель формирования мотива
a Ключевые слова мотивация труда
a Ключевые слова наставничество
a Ключевые слова новаторство
a Ключевые слова обратная связь
a Ключевые слова организации
a Ключевые слова организационная культура
a Ключевые слова организация командного взаимодействия
a Ключевые слова организация труда
a Ключевые слова персонал
a Ключевые слова повышение квалификации
a Ключевые слова прогнозирование
a Ключевые слова профессионализм
a Ключевые слова профессионализм персонала
a Ключевые слова профессиональное обучение
a Ключевые слова репутация компании
a Ключевые слова синектика
a Ключевые слова социальная ответственность
a Ключевые слова стиль руководства
a Ключевые слова теория лидерства
a Ключевые слова теория справедливости Адамса
a Ключевые слова трудовой потенциал
a Ключевые слова управление конфликтами
a Ключевые слова управление межнациональными отношениями
a Ключевые слова управление персоналом (кадровый менеджмент)
a Ключевые слова управление разнообразием
a Ключевые слова управленческое мышление
a Ключевые слова ценностные ориентации
a Ключевые слова эмоциональный интеллект
a Ключевые слова японский метод управления
655 a Жанр/ форма (устаревшее) учебное пособие
700 12 a Автор Трапицын С. Ю.
e Роль лиц рецензент
700 12 a Автор Алиев И. М.
e Роль лиц рецензент
856 40 a Имя сервера/домена ЭБС ЮРАЙТ
d Путь https://urait.ru
i Указания/сценарий входа Доступ по логину и паролю
u URL https://urait.ru/bcode/560463
v Время доступа к ресурсу 25.03.2027
y Справочный текст Электронная версия
900 a Имя электронного ресурса obl_SpivakVA_Liderstvo
x Справочная информация Обложка
900 x Справочная информация Полный текст
901 t Тип документа 0
952 a Тип литературы для КСУ ВШ УИ